| 000 | 00540nam a2200169 a 4500 | ||
|---|---|---|---|
| 005 | 20140412111233.0 | ||
| 008 | 001111s19uu xx 00 eng d | ||
| 020 | _a0-394-89768-4 | ||
| 050 |
_aM 821.008 _bPo743 1952 |
||
| 100 | _aFrank, Josette | ||
| 245 |
_aPoems to read to the very young / _cselected by Josette Frank ; illustrated by Dagmar Wilson. |
||
| 260 |
_aNew York : _bRandom House, _c1977. |
||
| 300 | _a1 v. (unp.) ; ill, | ||
| 650 | _aChildren's poetry, English | ||
| 650 | _aChildren's poetry, American | ||
| 999 |
_c102275 _d102275 |
||